000 01182cam a22003377a 4500
003 CHAP
005 20220329141938.0
008 980902d1998 mx r 00110 spa d
010 _a76091
011 _a77063
035 _a86661
040 _cCHAP
090 _aTesis
100 0 0 _aSedano Castro, Gaudencio.
_9103562
245 1 0 _aControl químico de malezas en postemergencia del cultivo de maíz (Zea mays L.) en Chapingo, México
_c/por Gaudencio Sedano Castro
260 _aChapingo, Méx. :
_bEl autor,
_c1998
300 _a73 h. :
_bcuadros
502 _aTesis (Ing. Agr. Esp. en Fitotecnia) -- UACH. Departamento de Fitotecnia
590 _aALEPH
_b10
_c20130110
_lUCH01
_h1425
590 _aBATCH-UPD
_b10
_c20130110
_lUCH01
_h0347
590 _aBATCH-UPD
_b10
_c20130410
_lUCH01
_h0021
590 _aBATCH-UPD
_b10
_c20130914
_lUCH01
_h1608
590 _aCONVERSION
_b10
_c20130109
_lUCH01
_h1342
650 1 4 _aHerbicidas.
_953691
650 1 4 _aMaíz
_xMalas hierbas
_xControl.
_971003
901 _aBK
905 _aMayto Villalobos S.
942 _cFOLL
949 _bBC
_cTES
_d33724000587879
_eTS2
_fc.2
_h32619
_i86661
_si
949 _bBC
_cTES
_d866611
_eTS1
_h32618
_i86661
_sb
999 _c76091
_d76091